00677nam a2200241 a 4500001001300000003000900013005001700022008004100039020001000080082001700090100001700107245001500124260003600139300000900175500003500184505003400219650001500253700001700268902000800285942000700293952011800300999001700418nice12345678IN_TiNIC20260116014258.0050524s1999 chea grp 000 0 tam  ac14000a294.592bKAV aKavingarin,  aThirukural aChennaibPalaniappa Brossc1999 a726p aincludes index and biblioraphy2 aGlossary, Bibliography, Index aThirukural1 aKavingarin,  bSRS cBK 001040708StackRoom-aHMIbHMId2007-07-25g140.00l0o294.592 KAVp020079r2007-07-25v140.00w2005-05-24yBK c14618d14618